[Event "Tomo Zupan op"]
[Site "Kranj"]
[Date "1997.??.??"]
[Round "?"]
[White "Zorko, Dusan"]
[Black "Susnik, Matej"]
[Result "1-0"]
[WhiteElo "2250"]
[BlackElo "2235"]
[PlyCount "147"]
[EventDate "1997.??.??"]
[EventType "swiss"]
[EventRounds "9"]
[EventCountry "SLO"]
[SourceTitle "EXT 2001"]
[Source "ChessBase"]
[SourceDate "2000.11.22"]
[SourceVersion "1"]
[SourceVersionDate "2000.11.22"]
[SourceQuality "1"]

1. e4 c5 2. Nf3 e6 3. d4 cxd4 4. Nxd4 Nc6 5. Nb5 d6 6. c4 Nf6 7. N1c3 a6 8. Nd4 Bd7 9. Be2 Na5 10. b3 d5 11. exd5 Bb4 12. Bd2 Bxc3 13. Bxc3 exd5 14. Qd2 Nc6 15. Nxc6 bxc6 16. Qg5 0-0 17. Bxf6 Qxf6 18. Qxf6 gxf6 19. cxd5 cxd5 20. 0-0-0 Be6 21. Kb2 Rfd8 22. Rd4 Rd6 23. Rc1 Rc8 24. Rxc8+ Bxc8 25. Bd3 h6 26. Kc3 Kf8 27. Kb4 Bb7 28. Bf5 Rb6+ 29. Kc3 Rc6+ 30. Kd2 Rb6 31. f3 a5 32. Bd3 Bc6 33. Kc3 Rb8 34. Rh4 Kg7 35. Rg4+ Kf8 36. Rh4 Kg7 37. Rh5 Re8 38. Kd2 Rb8 39. Rf5 a4 40. Bc2 axb3 41. Bxb3 Ra8 42. Rf4 Ra5 43. Rb4 f5 44. Rb6 Bd7 45. Kc3 Be6 46. Kb4 Ra8 47. a4 Kf8 48. a5 Ke7 49. Ba4 d4 50. Bb5 Rd8 51. Bd3 Kd7 52. Kc5 Kc7 53. Rc6+ Kb7 54. Rd6 Rc8+ 55. Kxd4 Rc1 56. Ke3 Rg1 57. Kf2 Ra1 58. a6+ Kc7 59. Rd4 Bc8 60. Rc4+ Kb8 61. Rc6 Be6 62. Ke3 Ra2 63. Rc2 Ra3 64. Kd4 Bc8 65. Rc6 Be6 66. g3 Ra2 67. Ke5 Rxh2 68. Bxf5 Bxf5 69. Kxf5 Rf2 70. Kf4 h5 71. Rh6 Ra2 72. Rf6 Ra4+ 73. Kg5 Ra5+ 74. Kh4 1-0

[Event "SLO-chT"]
[Site "Slovenia"]
[Date "1995.??.??"]
[Round "1"]
[White "Osmanbegovic, Suad"]
[Black "Zorko, Dusan"]
[Result "0-1"]
[WhiteElo "2360"]
[BlackElo "2225"]
[PlyCount "76"]
[EventDate "1995.??.??"]
[EventType "team"]
[EventRounds "7"]
[EventCountry "SLO"]
[SourceTitle "EXT 1998"]
[Source "ChessBase"]
[SourceDate "1997.11.17"]
[SourceVersion "1"]
[SourceVersionDate "1997.11.17"]
[SourceQuality "1"]

1. d4 Nf6 2. c4 e6 3. g3 Bb4+ 4. Bd2 Bxd2+ 5. Qxd2 0-0 6. Bg2 d5 7. Nf3 Nbd7 8. 0-0 c6 9. Qc2 Qe7 10. Nbd2 e5 11. dxe5 Nxe5 12. Nxe5 Qxe5 13. cxd5 Nxd5 14. Nc4 Qh5 15. e4 Nf6 16. Nd6 Rb8 17. Rad1 Be6 18. b3 Ne8 19. h4 Nxd6 20. Rxd6 Rbd8 21. Rfd1 Qa5 22. Kh2 Rxd6 23. Rxd6 Rd8 24. Qc3 Qc7 25. Rxd8+ Qxd8 26. Qc5 a6 27. f4 Bg4 28. Qa7 Qc8 29. f5 h5 30. Qd4 Qc7 31. b4 a5 32. a3 axb4 33. axb4 b6 34. Bf1 c5 35. Qc3 Qe7 36. Bd3 cxb4 37. Qc8+ Kh7 38. Qc4 Qc5 0-1

[Event "SLO-chT"]
[Site "Slovenia"]
[Date "1994.??.??"]
[Round "?"]
[White "Zorko, Dusan"]
[Black "Novacan, Marko"]
[Result "1-0"]
[WhiteElo "2200"]
[BlackElo "2290"]
[PlyCount "69"]
[EventDate "1994.??.??"]
[EventType "team"]
[EventRounds "7"]
[EventCountry "SLO"]
[SourceTitle "EXT 1998"]
[Source "ChessBase"]
[SourceDate "1997.11.17"]
[SourceVersion "1"]
[SourceVersionDate "1997.11.17"]
[SourceQuality "1"]

1. e4 g6 2. d4 c6 3. f4 d5 4. e5 h5 5. Nf3 Bg4 6. Bd3 e6 7. h3 Bxf3 8. Qxf3 h4 9. Be3 Nh6 10. Nd2 Nf5 11. Bf2 Nd7 12. 0-0 Be7 13. Qe2 c5 14. c3 Qb6 15. Nf3 Nb8 16. Kh2 Nc6 17. Bxf5 gxf5 18. dxc5 Bxc5 19. Bxh4 Be7 20. Bf2 Bc5 21. Bxc5 Qxc5 22. Qf2 Qc4 23. Nd2 Qa6 24. Nb3 0-0-0 25. Nd4 Na5 26. a4 Kb8 27. b4 Nc4 28. a5 b5 29. axb6 Qxb6 30. b5 Kb7 31. Ra6 Qc5 32. Rfa1 Ra8 33. Rc6 Qe7 34. Qa2 Rh4 35. Qa6+ 1-0

[Event "SLO-chT"]
[Site "Slovenia"]
[Date "1993.??.??"]
[Round "?"]
[White "Truta, Srecko"]
[Black "Zorko, Dusan"]
[Result "0-1"]
[WhiteElo "2270"]
[BlackElo "2190"]
[PlyCount "75"]
[EventDate "1993.??.??"]
[EventType "team"]
[EventRounds "7"]
[EventCountry "SLO"]
[SourceTitle "TD"]
[Source "ChessBase"]
[SourceDate "1994.03.01"]
[SourceVersion "1"]
[SourceVersionDate "1994.03.01"]
[SourceQuality "1"]

1. Nf3 g6 2. c4 Bg7 3. d4 Nf6 4. Nc3 d5 5. Bg5 c6 6. e3 Qa5 7. Bxf6 Bxf6 8. cxd5 cxd5 9. a3 0-0 10. b4 Qd8 11. Qb3 e6 12. Bd3 Nd7 13. h4 h5 14. Rc1 Nb6 15. Qb1 Kg7 16. Ne2 Bd7 17. Nf4 Qe8 18. g4 hxg4 19. h5 Rh8 20. Ne5 Bxe5 21. dxe5 Rc8 22. Rxc8 Nxc8 23. Kd2 Ne7 24. hxg6 fxg6 25. Rg1 Rh4 26. b5 Nf5 27. a4 Qe7 28. Qb2 d4 29. Be4 b6 30. Kd3 dxe3 31. fxe3 Qd8 32. Bd5 Kf7 33. e4 exd5 34. exf5 Bxf5+ 35. Ke3 g5 36. Ne2 Rh3+ 37. Ng3 Ke6 38. Rg2 0-1

[Event "SLO-chT"]
[Site "Slovenia"]
[Date "1992.??.??"]
[Round "?"]
[White "Pucelj, Joze"]
[Black "Zorko, Dusan"]
[Result "0-1"]
[WhiteElo "2150"]
[BlackElo "2150"]
[PlyCount "92"]
[EventDate "1992.??.??"]
[EventType "team"]
[EventRounds "4"]
[EventCountry "SLO"]
[SourceTitle "EXT 1999"]
[Source "ChessBase"]
[SourceDate "1998.11.16"]
[SourceVersion "1"]
[SourceVersionDate "1998.11.16"]
[SourceQuality "1"]

1. d4 Nf6 2. Nf3 e6 3. Bf4 b6 4. e3 Bb7 5. Bd3 Be7 6. 0-0 0-0 7. Nbd2 Nh5 8. Bg3 Nxg3 9. hxg3 d6 10. Qe2 Nd7 11. e4 e5 12. c3 Bf6 13. dxe5 dxe5 14. Rad1 Qe7 15. Nc4 g6 16. Rfe1 Nc5 17. Bc2 Ba6 18. Nfd2 Bg5 19. Qf3 Rad8 20. Ne3 c6 21. Ndc4 Qe6 22. b3 Nb7 23. Bd3 b5 24. Nb2 Rd7 25. Bf1 Rfd8 26. Nd3 Be7 27. Nc2 Nc5 28. Ncb4 Bb7 29. Nxc5 Bxc5 30. Nd3 Be7 31. Nb2 Bg5 32. Rxd7 Rxd7 33. Rd1 a6 34. Rd3 c5 35. c4 Bc6 36. Rxd7 Qxd7 37. Nd3 Qd4 38. Qg4 Bd8 39. Qc8 Bxe4 40. Nxc5 Bf5 41. Qc6 bxc4 42. Bxc4 Kg7 43. Nxa6 Bb6 44. Qf3 f6 45. Qe2 Bg4 46. Qc2 Bd1 0-1